000 01756cam a2200421 a 4500
001 1636730
003 OSt
005 20140408084301.0
008 960830s1997 nyua c 000 0deng
010 _a 96043544
020 _a0439283191
_c$14.00 ($18.95 Can.)
040 _aDLC
_cDLC
_dDLC
042 _alcac
043 _an-us-nc
050 0 0 _aF 264.F86
_b.T55 2002
100 1 _aTillage, Leon Walter,
_d1936-
_924253
245 1 0 _aLeon's story /
_cLeon Tillage, with pictures by Susan L. Roth.
250 _a1st ed.
260 _aNew York :
_bScholastic Inc.
_c2002.
300 _a107 p. :
_bill. ;
_c19 cm.
521 _aG8
526 _c970
600 1 0 _aTillage, Leon Walter,
_d1936-
_xChildhood and youth
_xJuvenile literature.
_924254
600 1 0 _aTillage, Leon Walter,
_d1936-
_924255
650 0 _aAfrican Americans
_zNorth Carolina
_zFuquay-Varina
_xBiography
_xJuvenile literature.
_924256
650 0 _aCivil rights movements
_zNorth Carolina
_xHistory
_y20th century
_xJuvenile literature.
_924257
650 1 _aAfrican Americans
_xBiography.
_924258
650 1 _aCivil rights movements
_xHistory.
_924259
651 0 _aNorth Carolina
_xRace relations
_xJuvenile literature.
_924260
651 0 _aFuquay-Varina (N.C.)
_xBiography
_xJuvenile literature.
_924261
651 1 _aNorth Carolina
_xRace relations.
_924262
700 1 _aRoth, Susan L.,
_eill.
_924263
856 4 2 _3Publisher description
_uhttp://www.loc.gov/catdir/enhancements/fy0601/96043544-d.html
906 _a7
_bcbc
_corignew
_d1
_eocip
_f19
_gy-gencatlg
942 _2lcc
_cBK
999 _c33771
_d33771